| 000 | 00386nam a2200181Ia 4500 | ||
|---|---|---|---|
| 005 | 20240823034015.0 | ||
| 008 | 240823s9999||||xx |||||||||||||| ||und|| | ||
| 041 | _aMALAYALAM | ||
| 082 | _A894.8123 Q1 | ||
| 100 | _aSanthosh M B | ||
| 245 | 0 | _aCampus | |
| 250 | _a1st | ||
| 260 |
_c2011 _bAsramam |
||
| 500 | _aYES | ||
| 650 |
_aNovel _bEnglish |
||
| 942 | _cBK | ||
| 999 |
_c197190 _d197190 |
||